Problems in heat engines (Record no. 71104)

000 -LEADER
fixed length control field 00431nam a22001817a 4500
003 - CONTROL NUMBER IDENTIFIER
control field NUST - PNEC
005 - DATE AND TIME OF LATEST TRANSACTION
control field 20170116181154.0
008 - FIXED-LENGTH DATA ELEMENTS--GENERAL INFORMATION
fixed length control field 160107b xxu||||| |||| 00| 0 eng d
020 ## - INTERNATIONAL STANDARD BOOK NUMBER
International Standard Book Number -
040 ## - CATALOGING SOURCE
Transcribing agency LIBRARY
082 ## - DEWEY DECIMAL CLASSIFICATION NUMBER
Classification number 621.4025 RIC
100 ## - MAIN ENTRY--PERSONAL NAME
9 (RLIN) 15726
Personal name Richmond, A.J.
245 ## - TITLE STATEMENT
Title Problems in heat engines
Statement of responsibility, etc. A.J. Richmond
250 ## - EDITION STATEMENT
Edition statement -
260 ## - PUBLICATION, DISTRIBUTION, ETC.
Date of publication, distribution, etc. c.1960
650 ## - SUBJECT ADDED ENTRY--TOPICAL TERM
9 (RLIN) 15727
Topical term or geographic name entry element Heat-engines
General subdivision ME
942 ## - ADDED ENTRY ELEMENTS (KOHA)
Source of classification or shelving scheme
Koha item type Book
Holdings
Withdrawn status Lost status Source of classification or shelving scheme Damaged status Not for loan Permanent Location Current Location Shelving location Date acquired Total Checkouts Full call number Barcode Date last seen Price effective from Koha item type
          Pakistan Navy Engineering College (PNEC) Pakistan Navy Engineering College (PNEC)       621.4025 RIC PNECLIB-000871 01/07/2016   Book
          Pakistan Navy Engineering College (PNEC) Pakistan Navy Engineering College (PNEC)   01/12/2016   621.4025 RIC PNECLIB-001256 01/12/2016   Book
© 2023 Central Library, National University of Sciences and Technology. All Rights Reserved.